000 00785nab a2200241 u 4500
001 10708
003 HDC
007 cr bn ---aaaaa
008 210205c20120311my dr|nes 0 a may d
040 _aHDC
245 0 _aPengusaha ingkar logo halal bakal dikenakan tindakan
260 _aKuala Lumpur :
_bMedia Mulia Sdn. Bhd.,
_c2011
336 _atext
_2rdacontent
337 _acomputer
_2rdamedia
338 _aonline resource
_2rdacarrier
650 _aHalal certificate
_9482
650 _aHalal industry
_9144
710 _aUtusan Malaysia
856 _zRequest full-text at [email protected]
942 _2lcc
942 _cNEWS
942 _kNWSC 003916
999 _c8031
_d8031